000 00825nam a2200241 a 4500
001 000013978
005 20200929163426.0
008 091202s1999 ag 000 0 spa d
020 _a9500716887
040 _aDO-SdBNP
_bspa
_cBNPHU
082 _a863
_bN964m
245 0 4 _aLos 9 mejores cuentos de navidad /
_cCharles Dickens... [et.al] ; compilador Miguel Vendramin.
246 1 0 _aLos nueve mejores cuentos de navidad
260 _aBuenos Aires :
_bSudamericana,
_c1999.
300 _a185 p. ;
_c21 cm.
500 _aIncluye datos biográficos del compilador en la contracubierta
500 _aIncluye notas al pie de las páginas
650 4 _aCuentos
_xColecciones
_98799
650 4 _aCuentos de navidad
_931641
700 1 _aDickens, Charles
_931642
700 1 _aVendramin, Miguel
_ecomp.
_931643
049 _aBNPD
999 _c13582
_d13582